000 00927nam a22002415i 4500
001 157428
003 ES-MaACL
005 20230906210703.0
008 040824s1858 xxk |||| | eng d
040 _aCAM
_bspa
_cCAM
100 1 _aLee, Eliza Buckminster.
_9128837
245 1 0 _aParthenia or The last days of paganism /
_cby Eliza Buckminster Lee.
260 _aLondon ;
_aNew York :
_bG. Routledge & Co.,
_c1858 (
_fCox and Wyman, printers)
300 _aIV, 316 p. ;
_c16 cm.
490 1 _aRailway and home reading
650 0 4 _aCristianismo-
_xHistoria.
_911430
740 4 1 _aThe last days of paganism.
752 _aGran Bretaña -
_cLondres
752 _aEstados Unidos de América -
_cNueva York
830 0 _aRailway and home reading
_9221783
852 _aES-MaACL
_jD-2205
_z-- Enc. ed. en hol. cromolit., representando la Acrólolis de Atenas
_z-- Legado de Modesto de la Fuente
999 _c157428
_d157428